| 000 | 00364 a2200157 4500 | ||
|---|---|---|---|
| 001 | 64132 | ||
| 020 | _a9788506071489 | ||
| 040 | _cAnchieta - Pituba | ||
| 100 | _aSilva, Paulo Rafael da | ||
| 240 | 1 | 0 |
_aO mundo cá tem fronteira _lpor |
| 245 | 1 | 0 | _aO mundo cá tem fronteira |
| 300 | _a79 | ||
| 362 | 0 | _a2013 | |
| 650 | 4 | _aLiteraturas africanas | |
| 942 | _cBK | ||
| 999 |
_c64132 _d64132 |
||